Vista normal
Vista MARC
Entrada Topical Term
Número de registros utilizados en: 2
001 - CONTROL NUMBER
- control field: 66023
003 - CONTROL NUMBER IDENTIFIER
- control field: OSt
005 - DATE AND TIME OF LATEST TRANSACTION
- control field: 20251023193838.0
008 - FIXED-LENGTH DATA ELEMENTS
- fixed length control field: 251023|| aca||aabn | a|a d
040 ## - CATALOGING SOURCE
- Original cataloging agency: OSt
- Transcribing agency: OSt
150 ## - HEADING--TOPICAL TERM
- Topical term or geographic name entry element: etica
- General subdivision: Preguntas y respuestas
670 ## - SOURCE DATA FOUND
- Source citation: Work cat.: (OSt)4091: Cortina, Adela 1933- 66022, Para que sirve realmente...?